The Only Island Country... - Statistics

General Stats
  • This quiz has been taken 21 times
  • The average score is 13 of 15
Answer Stats
Hint Answer % Correct
That borders more than two other countries (Not including external territories) Indonesia
100%
With lemurs Madagascar
100%
That has fought a war with Argentina United Kingdom
100%
That has a map of the country on its flag Cyprus
94%
Named after a woman St. Lucia
94%
In the Americas that does not border the Caribbean Sea The Bahamas
94%
Located in the Persian Gulf Bahrain
89%
Where dodos once lived Mauritius
89%
Where more than 800 different languages are spoken Papua New Guinea
89%
Where the sale of chewing gum is banned Singapore
89%
Where the majority of the population is Buddhist Sri Lanka
89%
With a cardinal direction in its name East Timor
83%
With land in all four hemispheres Kiribati
83%
With purple on its flag Dominica
72%
Larger than 100,000 km2, but with less than 500,000 people Iceland
72%
No matching quizzes found
Score Distribution
Percent of People with Each Score
Percentile by Number Answered
Your Score History
You have not taken this quiz